| 000 | 00389nam a2200145Ia 4500 | ||
|---|---|---|---|
| 008 | 220217s9999||||xx |||||||||||||| ||und|| | ||
| 020 | _a978-0-07-063424-4 | ||
| 082 | _a621.382 MAL | ||
| 100 | _aMalvino, Albert. and Bates, David, J | ||
| 245 | 0 | _aElectronic principles | |
| 250 | _a7th | ||
| 260 |
_aTata mcgraw-hill _bNew Delhi _c2007 |
||
| 300 | _b460 | ||
| 650 | _aELECTRONICS | ||
| 999 |
_c176865 _d176865 |
||